Liste des codes postaux en Algérie - Statistiques

Statistiques générales
  • Ce quiz a été pris 113 fois
  • Le résultat moyen est 11 sur 48
Statistiques - réponses
Code postal Wilaya % Correct
16 Alger
73%
31 Oran
59%
01 Adrar
57%
02 Chlef
48%
19 Setif
47%
06 Béjaïa
46%
15 Tizi-Ouzou
45%
13 Tlemcen
45%
05 Batna
39%
09 Blida
35%
25 Constantine
35%
07 Biskra
31%
27 Mostaganem
30%
23 Annaba
29%
18 Jijel
29%
10 Bouira
27%
03 Laghouat
27%
22 Sidi Bel Abbes
25%
14 Tiaret
24%
35 Boumerdès
23%
21 Skikda
23%
34 Bordj-Bou-Arreridj
19%
48 Relizane
19%
42 Tipaza
19%
28 M'sila
18%
08 Bechar
17%
24 Guelma
17%
29 Mascara
17%
04 Oum el Bouaghi
17%
17 Djelfa
16%
20 Saida
16%
12 Tébessa
14%
44 Ain Defla
13%
46 Ain Temouchent
12%
26 Médéa
12%
11 Tamanrasset
12%
30 Ouargla
11%
43 Mila
10%
41 Souk-Ahras
10%
40 Khenchela
8%
39 El Oued
7%
37 Tindouf
7%
32 El Bayadh
6%
36 El Tarf
6%
47 Ghardaia
5%
33 Illizi
5%
45 Naama
4%
38 Tissemsilt
4%
Aucun quiz correspondant
Distribution des résultats
% des personnes avec chaque résultat
Percentile par nombre de réponses
Votre historique - résultats
Vous n’avez pas pris ce quiz